América Latina en la encrucijada telemática /

সংরক্ষণ করুন:
গ্রন্থ-পঞ্জীর বিবরন
প্রধান লেখক: Mattelart, Armand (autor)
অন্যান্য লেখক: Schmucler, Héctor (autor) (autor)
বিন্যাস: গ্রন্থ
ভাষা:স্প্যানিশ
মালা:(Transiciones)
বিষয়গুলি:
ট্যাগগুলো: ট্যাগ যুক্ত করুন
কোনো ট্যাগ নেই, প্রথমজন হিসাবে ট্যাগ করুন!

MARC

LEADER 00000nam^a2200000^a^4500
001 000270353
005 20250521000000.0
009 20260310110954.622
020 |a 968-478-041-9 
037 |a Acervo Xavier Clavigero 
041 |a ESP 
082 |a 302. 23701  |b MAT 
100 |a Mattelart, Armand  |e (autor) 
245 1 0 |a América Latina en la encrucijada telemática /  |c A. Mattelart, H. Schmucler. 
264 |a México :  |b Folios :  |b Instituto Latinoamericano de Estudios Transnacionales,  |c 1983 
300 |a 131 p. 
336 |a texto  |b txt  |2 rdacontenido 
337 |a sin mediación  |b n  |2 rdamedio 
338 |a volumen  |b nc  |2 rdasoporte 
440 1 |a (Transiciones) 
649 |a XX 
650 |a Telemática -  |a Latinoamérica -  |x Tema Principal 
650 |a Tecnologías de Comunicación e Información -  |z Latinoamérica -  |x Aspectos Sociales y Culturales 
650 |a Dependencia Informativa -  |z Latinoamérica 
650 |a Política de Comunicación -  |z Latinoamérica 
650 |a Medios de Comunicación y Estado -  |z Latinoamérica 
650 |a Comunicación Masiva -  |z Latinoamérica 
700 |a Schmucler, Héctor  |e (autor) 
910 |a Fondo General 
920 |a Impresos - Libros 
930 |a Colección General 
905 |a 101 
901 |a 0500155439  |b IT1  |c ACC  |u 20250521 
902 |a https://opac.biblio.iteso.mx/vufind/Record/000270353